Statistics for Marvel Rogues Gallery

Click here to take the quiz!

General Stats

  • This quiz has been taken 34 times
  • The average score is 37 of 91

Answer Stats

HeroFirst LetterVillain% Correct
SpidermanGGreen Goblin
96%
Captain AmericaRRed Skull
96%
DDoctor Octopus
92%
VVenom
92%
VVulture
92%
EElectro
83%
ThorLLoki
83%
X-MenMMagneto
83%
MMandarin
83%
RRhino
83%
SSandman
83%
SSin
83%
DaredevilKKingpin
79%
KKillmonger
75%
LLizard
75%
AAbomination
71%
CCarnage
71%
Fantastic FourDDoctor Doom
71%
Doctor StrangeDDormammu
71%
MMysterio
71%
HHela
67%
ZZemo
67%
WolverineSSabretooth
63%
SSabretooth
63%
WWhiplash
63%
BBullseye
58%
EElektra
58%
GGalactus
58%
IIron Monger
58%
KKraven the Hunter
58%
AApocalypse
54%
MMystique
54%
MMystique
54%
HulkLThe Leader
54%
JJuggernaut
50%
SShocker
50%
CCross Bones
46%
LLady Deathstrike
46%
MMole Man
46%
BBaron Mordo
42%
MMalekith
42%
MMephisto
42%
MMODOK
42%
SSurtur
42%
BBlack Cat
38%
Iron ManCCrimson Dynamo
38%
Black PantherK
Klaw
38%
GGorr
38%
AArnim Zola
33%
NamorAAttuma
33%
EEnchantress
33%
NNamor
29%
TToad
29%
YYon-Rogg
29%
AAbsorbing Man
25%
EExecutioner
25%
MMr Sinister
25%
SSebastian Shaw
25%
BBaron von Strucker
21%
BBatroc
21%
DDark Phoenix
21%
JJustin Hammer
21%
MMadame Hydra
21%
MMan-Ape
21%
BNightmare
21%
SSuper-Skrull
21%
AAnnihilus
17%
OOmega Red
17%
MMadame Masque
13%
RRogue
13%
SSilver Samurai
13%
DDaken
8%
GGhost
8%
LLiving Laser
8%
MMaestro
8%
MMojo
8%
Captain MarvelMMoonstone
8%
RRed King
8%
SSelene
8%
SShadow King
8%
TTyphoid Mary
8%
CCassandra Nova
4%
RRomulus
4%
SStryfe
4%
TTiger Shark
4%
GGorgon
0%
KKrang
0%
LLlyra
0%
MMadelyne Pryor
0%
MMin-Erva
0%
OOrka
0%

Score Distribution

Percentile by Number Answered

Percent of People with Each Score

Your Score History

You have not taken this quiz